Top 10 Countries by Category #7 - Statistics

General Stats
  • This quiz has been taken 44 times
  • The average score is 50 of 60
Answer Stats
Category Rank Country Value % Correct
Papaya Production (Tons) 7 China 550,000
100%
Most UNESCO Sites 2 China 57
100%
Highest Life Expectancy 3 Japan 84.9
100%
Rail Travel per Capita (Km) 1 Japan 3,464
100%
Papaya Production (Tons) 1 India 5,540,000
98%
Most UNESCO Sites 6 India 42
98%
Most HIV 3 India 2.10 m
98%
Most UNESCO Sites 1 Italy 59
98%
Highest Taxes (%) 8 Italy 42.1
98%
Papaya Production (Tons) 2 Brazil 1,256,703
95%
Most UNESCO Sites 4 France 52
95%
Rail Travel per Capita (Km) 4 France 1,609
95%
Highest Taxes (%) 1 France 46.1
95%
Most HIV 9 United States 1.20 m
95%
Most UNESCO Sites 3 Germany 52
93%
Rail Travel per Capita (Km) 8 Germany 1,179
93%
Rail Travel per Capita (Km) 10 Netherlands 1,090
93%
Most UNESCO Sites 5 Spain 50
93%
Highest Life Expectancy 9 Switzerland 83.2
93%
Rail Travel per Capita (Km) 2 Switzerland 2,433
93%
Papaya Production (Tons) 3 Indonesia 1,168,266
90%
Highest Taxes (%) 9 Luxembourg 40.1
90%
Highest Life Expectancy 1 Monaco 89.5
90%
Highest Taxes (%) 10 Norway 39
90%
Most HIV 1 South Africa 7.10 m
90%
Rail Travel per Capita (Km) 6 Sweden 1,340
90%
Highest Taxes (%) 4 Sweden 43.9
90%
Most UNESCO Sites 8 United Kingdom 33
90%
Rail Travel per Capita (Km) 7 United Kingdom 1,205
90%
Highest Taxes (%) 6 Finland 42.7
88%
Rail Travel per Capita (Km) 3 South Korea 1,740
88%
Highest Taxes (%) 3 Belgium 44.9
86%
Rail Travel per Capita (Km) 5 Austria 1,488
83%
Highest Taxes (%) 7 Austria 42.2
83%
Highest Life Expectancy 5 Canada 83.8
83%
Rail Travel per Capita (Km) 9 Denmark 1,143
83%
Highest Taxes (%) 2 Denmark 44.9
83%
Papaya Production (Tons) 8 DR Congo 211,046
83%
Papaya Production (Tons) 6 Nigeria 895,054
83%
Most HIV 2 Nigeria 3.20 m
83%
Papaya Production (Tons) 5 Mexico 1,134,753
81%
Most UNESCO Sites 7 Mexico 35
81%
Most UNESCO Sites 9 Russia 31
81%
Highest Life Expectancy 6 Iceland 83.6
79%
Most HIV 5 Kenya 1.60 m
79%
Most HIV 6 Tanzania 1.40 m
76%
Highest Life Expectancy 4 San Marino 83.9
74%
Highest Life Expectancy 2 Singapore 86.4
74%
Highest Life Expectancy 7 Andorra 83.4
69%
Most UNESCO Sites 10 Iran 27
69%
Papaya Production (Tons) 10 Philippines 165,912
69%
Most HIV 7 Uganda 1.40 m
67%
Most HIV 4 Mozambique 1.80 m
64%
Most HIV 8 Zimbabwe 1.30 m
64%
Highest Life Expectancy 10 Malta 83.2
62%
Papaya Production (Tons) 9 Peru 189,801
62%
Most HIV 10 Zambia 1.20 m
57%
Highest Taxes (%) 5 Cuba 43.5
48%
Papaya Production (Tons) 4 Dominican Republic 1,156,667
48%
Highest Life Expectancy 8 Israel 83.4
45%
No matching quizzes found
Score Distribution
Percent of People with Each Score
Percentile by Number Answered
Your Score History
You have not taken this quiz